000 00583nam a2200205Ia 4500
008 240729s9999 xx 000 0 und d
022 _a2151-4593
245 0 _aGeriatric Orthopaedic Surgery & Rehabilitation
260 _aUnited States
260 _bSAGE Publishing
650 _a Geriatrics
650 _a Internal medicine
650 _a Orthopedic surgery | Medicine
650 _a Special situations and conditions
650 _a Surgery
650 _aMedicine
856 _uhttps://doaj.org/toc/e080c9b7ac18442590163aeecab15bb6
942 _2ddc
942 _cDOAJEJ
999 _c67803
_d67803
945 _a1
_bMadushi Gamage
_c1
_dMadushi Gamage